| 000 | 01020nam0a2200313 i 4500 | ||
|---|---|---|---|
| 001 | RU\NLR\bibl\1982122 | ||
| 005 | 20240726103221.0 | ||
| 010 |
_a9785386053635 _96000 |
||
| 021 |
_aRU _b2012-93333 _96914 |
||
| 035 | _a(nilc)RSL-KNO-005576162 | ||
| 035 | _a(NLR Aleph) 001970785 | ||
| 090 |
_a3952459 _c3952459 |
||
| 100 | _a20120604d2013 u y0rusy50 ca | ||
| 101 | 1 |
_arus _cfre |
|
| 102 | _aRU | ||
| 105 | _ay ||||||||| | ||
| 200 | 1 |
_aТайна семьи Луганисов _e[роман] _fМетин Ардити _g[пер. с фр. К.В. Левиной] |
|
| 210 |
_aМосква _cРИПОЛ классик _d2013 [т.е. 2012] |
||
| 215 |
_a253, [2] с. _d20 |
||
| 225 | 1 | _aPocket&Travel | |
| 300 | _aКн. фактически изд. в 2012 г. | ||
| 686 |
_aШ5(4Ш)262-644 _2rubbk |
||
| 700 | 1 |
_aАрдити _bМ. _gМетин _4070 |
|
| 801 | 0 |
_aRU _bRuMoRKP _c20120604 _grcr |
|
| 801 | 1 |
_aRU _bРГБ _c20120604 |
|
| 801 | 2 |
_aRU _bNLR _c20121224 _grcr |
|
| 942 | _cBOOK | ||
| 980 | _aNBR | ||